[Event "Sofia MTel Masters 1st"]
[Site "Sofia"]
[Date "2005.05.15"]
[Round "4"]
[White "Topalov, Veselin"]
[Black "Kramnik, Vladimir"]
[Result "1/2-1/2"]
[WhiteElo "2778"]
[BlackElo "2753"]
[Annotator "Huzman,A"]
[PlyCount "104"]
[EventDate "2005.05.12"]
[EventType "tourn"]
[EventRounds "10"]
[EventCountry "BUL"]
[EventCategory "20"]
[SourceTitle "CBM 107"]
[Source "ChessBase"]
[SourceDate "2005.08.01"]
[SourceVersion "1"]
[SourceVersionDate "2005.08.01"]
[SourceQuality "1"]

1. e4 e5 2. Nf3 Nf6 3. Nxe5 d6 4. Nf3 Nxe4 5. Nc3 Nxc3 6. dxc3 Be7 7. Be3 Nc6
8. Qd2 O-O 9. O-O-O Ne5 10. h4 (10. Kb1 a6 (10... Be6 11. Nd4 Nc4 12. Bxc4 Bxc4
13. h4 Qd7 14. b3 Ba6 15. g4 Rfe8 16. Nf5 Bf6 17. Bd4 Re2 18. Qf4 $36 {1/2-1/2
Tseshkovsky,V-Motylev,A/Moscow RUS 2005/(32)}) 11. Be2 Be6 12. Nd4 Nc4 13. Qd3
Nxe3 14. Nxe6 fxe6 15. Qxe3 e5 16. Bd3 c6 17. h4 Rf6 18. g3 d5 19. Qxe5 Rxf2
20. Rhf1 $16 {1-0 Anand,V-Kramnik,V/Monte Carlo MNC 2005/(52)}) (10. Nd4 c5 11.
Nb5 Be6 (11... Qa5 12. a3 Be6 13. Nxd6 Qb6 14. f4 $1 Ng4 15. f5 Qxd6 16. Qxd6
Bxd6 17. Rxd6 Nxe3 18. fxe6 fxe6 19. Bd3 $14 {1/2-1/2 Kramnik,V-Kasparov,G/New
York 1995/CBM 047 ext/(66)}) 12. Nxd6 Qb6 13. f4 Ng4 14. f5 Bxa2 15. Bf4 Rfd8
$17 {0-1 Tukhaev,A-Belikov,V/Alushta UKR 2005/(27)}) 10... Bg4 11. Be2 Qc8 12.
b3 (12. Nxe5 dxe5 13. Bxg4 Qxg4 14. Qd5 Bd6 $11) (12. Kb1 Re8 13. h5 Bf8 $13)
12... Re8 13. Kb1 Bf8 {Black arrange their pieces very harmonycally.It is very
difficult for White to develop initiative on the king's side.} 14. h5 a6 15.
Rde1 (15. h6 g6 $11) 15... b5 16. Rh4 Be7 17. Rhh1 Bf8 18. Bf4 Nd7 (18... Bxf3
$5 19. gxf3 Qf5 (19... Qb7 20. Rh3 a5 21. Be3 a4 22. f4 Nd7 23. Bf3 c6 24. h6
g6 25. f5 d5 $132) 20. Reg1 a5 21. Rg5 Qf6 $132) 19. Ng5 (19. Nd4 Nf6 (19...
Bxe2 20. Rxe2 Qb7 21. f3 Rxe2 22. Qxe2 Nf6 $11) 20. f3 c5 $1 (20... Bd7 {
[%cal Yc7c5]} 21. h6 g6 22. Bg5 $36) 21. fxg4 Ne4 $1 22. Qd3 cxd4 23. Bf3 Nxc3+
(23... Nf2 24. Qxd4 Nxh1 25. Rxh1 $44) 24. Kb2 d5 25. Qxd4 Qc6 $15 {[%csl Re4]
[%cal Yc3e4]}) 19... Bxe2 20. Rxe2 Nf6 {[%cal Yc8f5]} (20... Rxe2 21. Qxe2 h6
22. Nf3 (22. Ne4 d5 23. Ng3 Nf6 $11) 22... Nf6 $11) 21. Rxe8 Qxe8 $11 22. h6 $6
(22. Re1 Qc6) 22... gxh6 $1 23. Nf3 Ne4 24. Qe3 Bg7 $15 25. Nd4 $8 (25. Be5 Ng5
26. Bxg7 Qxe3 27. fxe3 Kxg7 28. Nd4 Kg6 $17) 25... c5 26. Ne2 Nxc3+ (26... Qe6
27. Bxh6 Nxc3+ 28. Nxc3 Qxe3 29. Bxe3 Bxc3 30. Rd1 Be5 31. f4 Bc3 32. Rxd6 Re8
33. Rd3 b4 34. Kc1 Re4 35. g3 Kg7 36. Bd2 $11) (26... a5 $5 27. Rd1 (27. Bxh6
Nxc3+ 28. Nxc3 Qxe3 29. Bxe3 Bxc3 30. Rd1 Ra6 $15) 27... h5 28. f3 Nxc3+ 29.
Nxc3 Qxe3 30. Bxe3 Bxc3 31. Rxd6 Re8 32. Rd3 b4 $15) 27. Nxc3 Qxe3 28. fxe3 (
28. Bxe3 Bxc3 29. Rd1 Be5 30. f4 Bc3 31. Rxd6 Re8 32. Rd3 b4 $15) 28... Bxc3
29. Bxd6 Rc8 30. Kc1 $1 {White found right plan of defence.Their king will
protect pawns of the king's side,Rh1 and Bd6 will create counterplay.} (30.
Rxh6 $140 $4 Rd8 $19 {[%cal Yc3g7]}) 30... Rc6 31. Bf4 Kg7 32. Kd1 c4 (32...
Rg6 33. g3 $15) 33. Ke2 Bf6 $5 34. Bxh6+ Kg6 35. Kf3 cxb3 36. cxb3 Rc2 37. a4
bxa4 (37... Rc3 38. axb5 axb5 39. b4 Be7 40. Bf4 h5 (40... Bxb4 41. Rh6+ Kg7
42. Rb6 $11 {[%cal Gb6b5,Gf4h6]}) 41. g4 h4 (41... hxg4+ 42. Kxg4 f5+ (42...
Bxb4 43. Rh6+ Kg7 44. Rb6 Rc5 45. Bd6 Rc4+ 46. Bf4 Bc5 47. Rxb5 Bxe3 48. Rg5+
Kf8 49. Rf5 $11) 43. Kf3 Rc4 44. Rh6+ Kf7 45. Rh5 Ke6 46. Rh6+ $11) 42. Ra1
Bxb4 (42... Rc4 43. Ra7 Bxb4 44. Ra6+ f6 45. Rb6 $11) 43. Ra6+ Kh7 44. Rh6+ $11
) 38. bxa4 Ra2 39. Bf8 Bg5 40. Rb1 $132 Rxa4 41. Rb6+ f6 (41... Kh5 42. Rb7 Ra1
43. Bc5 a5 44. Bd4 Rf1+ 45. Ke2 Rf5 46. e4 Rf4 47. Kd3 Kg6 48. Ra7 $11) 42. Rb7
Bh6 (42... h6 43. g4 f5 44. Rb6+ Kf7 45. Bxh6 fxg4+ 46. Kg3 Bd8 47. Rc6 a5 48.
Bf4 $11) (42... h5 43. e4 Bh6 44. Bxh6 Kxh6 45. g3 Ra1 46. Ra7 a5 47. Kf4 Kg6
48. Ra6 $11) 43. Bxh6 Kxh6 44. e4 Kg6 45. g4 Ra1 46. Kf4 a5 47. Rb6 a4 48. e5
a3 (48... Rf1+ 49. Kg3 a3 50. Ra6 a2 51. Rxa2 fxe5 52. Re2 Kf6 53. Rh2 $11) 49.
Rxf6+ Kg7 50. Kg5 a2 (50... h5 51. Rf2 $11) 51. Rf2 $1 Re1 (51... h6+ 52. Kf5
Kf7 53. g5 hxg5 54. Kxg5+ Ke6 55. Kf4 $11) 52. Rxa2 Rxe5+ 1/2-1/2

[Event "Sofia MTel Masters 1st"]
[Site "Sofia"]
[Date "2005.05.13"]
[Round "2"]
[White "Kramnik, Vladimir"]
[Black "Anand, Viswanathan"]
[Result "1/2-1/2"]
[WhiteElo "2753"]
[BlackElo "2785"]
[Annotator "Huzman,A"]
[PlyCount "63"]
[EventDate "2005.05.12"]
[EventType "tourn"]
[EventRounds "10"]
[EventCountry "BUL"]
[EventCategory "20"]
[SourceTitle "CBM 107"]
[Source "ChessBase"]
[SourceDate "2005.08.01"]
[SourceVersion "1"]
[SourceVersionDate "2005.08.01"]
[SourceQuality "1"]

1. e4 e5 2. Nf3 Nf6 3. Nxe5 d6 4. Nf3 Nxe4 5. d4 d5 6. Bd3 Nc6 7. O-O Be7 8. c4
Nb4 9. Be2 O-O 10. Nc3 Bf5 11. a3 Nxc3 12. bxc3 Nc6 13. cxd5 Qxd5 14. Bf4 Na5
15. Bxc7 Rac8 16. Bxa5 Qxa5 17. c4 Bf6 (17... Qc7 18. Qb3 Rfd8 19. a4 Bf6 20.
Rfd1 Be4 21. Rac1 Bxf3 22. Bxf3 Bxd4 23. Qxb7 Qxb7 24. Bxb7 Rb8 25. Bd5 Bc5 26.
g3 Kf8 27. Rb1 a6 28. Kf1 Ke7 29. Ke2 {1/2-1/2 Watson,R-Moland Kovash,S/IECC
email 2000/Corr 2002 (29)}) 18. Bd3 (18. Ra2 Rfd8 19. Qb3 Qb6 20. Rb2 Qxb3 21.
Rxb3 b6 22. d5 Re8 23. Re3 Bg4 24. Rd1 Bxf3 25. Rxe8+ Rxe8 26. Bxf3 Be5 27. g3
Bd6 28. a4 a5 29. h4 g6 30. h5 Kg7 31. Kf1 Re7 32. Be2 Re8 33. Bd3 Kf6 34. Kg2
Re5 35. hxg6 hxg6 36. Rh1 Kg7 37. Kf3 {1/2-1/2 Ponomariov,R-Sulypa,A/Donetsk
1998/CBM 68 (37)}) (18. Qb3 Qb6 (18... Be4 19. Rad1 (19. Rfd1 Rfd8 20. Rac1 b6
21. d5 Qc5 22. Nd2 Bg6 23. Bd3 Bxd3 24. Qxd3 Bb2 25. Rb1 Qxa3 26. Qxa3 Bxa3 27.
Ra1 Bb4 28. Rxa7 b5 $11 {0-1 Tratatovici,M-Boim,I/Israel 2002/EXT 2003 (52)})
19... Rfd8 20. d5 b5 21. Nd2 bxc4 22. Nxc4 Qc5 23. Ne3 Bg5 24. Bd3 Bxd3 25.
Qxd3 $16 {1/2-1/2 Tichonov,J-Pokorny,P/Rakovnik 2001/EXT 2002 (33)}) 19. Qxb6
axb6 20. Ra2 (20. Rfd1 Rfd8 {1/2-1/2 Wahls,M-Alterman,B/Germany 1999/(20)}) (
20. Ne5 Rfd8 21. Rfd1 Bc2 22. Rd2 Bxe5 23. Rxc2 Bxd4 $11 {1/2-1/2 Erdelyi,Z-Le
Kieu Thien,K/Budapest 2002/CBM 89 ext (28)}) 20... Rfd8 (20... Rfe8 21. Rd1
Rcd8 22. h3 Be4 23. Rad2 Ra8 24. Rb2 Re6 25. Ra2 b5 26. cxb5 Bd5 27. Rad2 Rxa3
$44 {1/2-1/2 Mukabi,J-Pihlajasalo,A/Elista 1998/CBM 66 ext (41)}) (20... Bg4
21. d5 Bxf3 22. gxf3 Bd4 23. a4 Rfe8 24. Rd1 Bc5 $44 {[#]. 1/2-1/2 Karjakin,
S-Andreikin,D/Oropesa del Mar 2000/EXT 2001 (49)}) 21. d5 (21. Rd1 Be4 (21...
Bg4 22. d5 Kf8 23. h3 Bxf3 24. Bxf3 Rxc4 25. d6 Rd4 26. Rxd4 Bxd4 27. Bxb7 {
1/2-1/2 Eretova,J-Pokorny,P/CZE t-ch 2001 (27)}) 22. d5 b5 (22... Bxf3 23. gxf3
Rd6 24. Bf1 Ra8 25. a4 Be7 26. Bd3 Ra5 (26... Rdd8 27. Rb1 Bc5 $14) 27. Re1 Bf8
28. Re8 $16 {1/2-1/2 Wedberg,T-Nielsen,P/Nordic Zonal, Munkebo DEN (3.3) 1998 
(50)}) 23. cxb5 (23. Nd2 Bg6 24. h3 Kf8 25. g4 Bc3 26. cxb5 Rxd5 27. Rc1 Re8
28. Nb3 Bf6 29. a4 Rde5 30. Bf3 $16 {1-0 Jabot,D-Schubert,W/ICCF Email 1999/
Corr 2002 (30)}) 23... Rxd5 24. Rxd5 Bxd5 $44 {1/2-1/2 Mlacnik,F-Schellmann,F/
Krynica 1999/EXT 2000 (53)}) 21... b5 $11) 18... Bg4 (18... Rfd8 19. Rb1 (19.
Bxf5 Qxf5 20. Qa4 a6 (20... Bxd4 $11) 21. c5 g6 22. Rab1 Qd5 23. Rb4 $16 {
1-0 Palac,M-Fercec,N/Pula 2000/CBM 075/(38)}) 19... Bg4 20. h3 Bxf3 21. Qxf3
Rxd4 22. Rxb7 Rcd8 23. Rb5 Qd2 24. Be2 Qc2 25. Rb7 a6 26. Rfb1 $16 {1-0 Koch,
C-Martello,J/IECG 2002/Telechess CBM 105 (32)}) (18... Be6 19. Qb1 g6 20. Qxb7
Bxc4 21. Bxc4 Rxc4 22. Qb3 Qc7 23. Rfd1 Rd8 24. Qe3 Qd6 $44 {1/2-1/2 Muller,
H-Glaubitz,F/IECC 2003/Telechess CBM 97 (30)}) 19. h3 Bxf3 (19... Be6 20. Qb3
Rfd8 21. Rad1 b6 22. d5 Bd7 23. Qb4 Qc5 24. Rb1 Re8 25. Rfe1 g6 26. Rxe8+ {
1-0 Jimenez,J-Gazizov,M/Chessfriend.com 2004/Telechess CBM 103 (26)}) 20. Qxf3
Qd8 (20... Rcd8 21. Rab1 Bxd4 22. Rxb7 g6 23. Be4 Rd6 24. Rb5 Qc7 25. Rd5 Rf6
26. Qd3 Bc5 27. a4 Re8 $44 {1/2-1/2 Zhang Zhong-Karpov,A/Cap d'Agde 2000/CBM
80 (44)}) 21. Rad1 g6 22. Be2 (22. Qxb7 Bxd4 $14 {Black have good compensation
for the sacrificed pawn because Bd4 is much stronger than Bd3.}) 22... Rc7 $1 {
[%cal Yc7d7] Idea of Black is to push White to play d4-d5,after what to
blocade pawn pair c4-d5 on the black squares.} 23. Qd3 (23. c5 Bxd4 24. Qg4 Rd7
25. Bb5 Rd5 26. Bc4 Rd7 27. Rd2 Kg7 28. Rb1 f5 29. Qf3 Qe7 $11) 23... b6 24.
Rd2 Qe7 25. Rfd1 Rd8 26. Qc3 (26. Qf3 Rcd7 27. d5 Qd6 $11) 26... Rcd7 {[%mdl 4]
} 27. Bg4 (27. Qe3 Qxe3 28. fxe3 Re7 29. Kf2 Bg5 30. Rd3 Rde8 $11) 27... Rxd4
$1 $11 28. Rxd4 Rxd4 29. Rxd4 Qc5 30. Rd5 Bxc3 31. Rxc5 bxc5 32. Kf1 1/2-1/2

[Event "Corus-B"]
[Site "Wijk aan Zee"]
[Date "2006.01.22"]
[Round "8"]
[White "Stellwagen, Daniel"]
[Black "Lagno, Kateryna"]
[Result "1-0"]
[WhiteElo "2573"]
[BlackElo "2500"]
[Annotator "Huzman,A"]
[PlyCount "77"]
[EventDate "2006.01.14"]
[EventType "tourn"]
[EventRounds "13"]
[EventCountry "NED"]
[EventCategory "15"]
[SourceTitle "CBM 111"]
[Source "ChessBase"]
[SourceDate "2006.04.04"]
[SourceVersion "1"]
[SourceVersionDate "2006.04.04"]
[SourceQuality "1"]

1. e4 e5 2. Nf3 Nf6 3. Nxe5 d6 4. Nf3 Nxe4 5. d4 d5 6. Bd3 Nc6 7. O-O Be7 8.
Re1 Bg4 9. c3 f5 10. Nbd2 O-O 11. Qb3 Na5 12. Qc2 (12. Qa4 c6 13. Ne5 Bd6 14.
Ndf3 Bh5 15. Qc2 c5 16. dxc5 Bxc5 17. Be3 Bd6 18. Bd4 Rc8 19. Be2 Qc7 20. Qa4
Nc6 21. Nxc6 bxc6 22. Qxa7 Qxa7 23. Bxa7 c5 24. a4 $16 {1-0 Los,S-Plesec,D/
Caorle 1984/EXT 2002 (49)}) (12. Qb5 c6 13. Qa4 Bd6 14. Qc2 c5 15. Ne5 Bh5 16.
Ndf3 Qc7 17. Qa4 Nc6 18. Nxc6 bxc6 19. Ne5 cxd4 20. cxd4 c5 21. Qd7 cxd4 22.
Qxc7 Bxc7 23. Nc6 Bd6 24. Nxd4 Bc5 25. Bxe4 fxe4 26. Be3 $11 {1/2-1/2 Ribeiro,
R-Marcotulli,G/corr 2000/IXM (48)}) 12... Bd6 13. Ne5 Bh5 14. Ndf3 c5 15. dxc5
Bxc5 16. Be3 Bd6 ({Black could have used the "e5" N's unstable position to
improve his pawn structure} 16... Bxe3 $1 17. Rxe3 Qc7 18. Qa4 Nc6 19. Nxc6
bxc6 20. Nd4 Rf6 (20... Nxf2 $5 21. Qxc6 (21. Kxf2 Qf4+ 22. Rf3 Bxf3 23. gxf3
Qxh2+ $19) 21... Qxc6 22. Nxc6 f4 (22... Nd1 23. Re5 Nxb2 24. Bxf5 Bf7 $14) 23.
Re5 Nxd3 24. Rxh5 Rae8 (24... Nxb2 $2 25. Ne7+ Kf7 26. Re1 $18) 25. Rxd5 (25.
Rb1 Re2 26. Rxd5 Nxb2 27. Rd4 f3 $132) 25... Nxb2 26. Nxa7 Re2 $44)) 17. Qa4 $1
Kh8 (17... Re8 18. Bd4 a6 $1 19. b4 (19. Qd7 Qxd7 20. Nxd7 Rad8 21. Nde5 (21.
Nfe5 Nc6 $15) 21... Rc8 $11 {[%cal Ya5c4]}) 19... Bxf3 20. Nxf3 Nc4 (20... Nc6
21. Qb3 Kh8 $11) 21. Bxc4 dxc4 22. b5 Qc7 $11) 18. Bd4 Qc7 $6 (18... Nc6 $1 19.
Bb5 (19. Qb5 Re8 20. Nxc6 bxc6 21. Qb7 Rg8 $17) 19... Nxe5 20. Nxe5 Qg5 $36)
19. Qd7 $1 Qxd7 $6 (19... Nc6 20. Qxc7 Bxc7 21. Bb5 Be8 22. Nd3 Nxd4 23. Nxd4
Bxb5 24. Nxb5 Bb6 $14) 20. Nxd7 Rfd8 $2 (20... Rfe8 $1 21. Nfe5 (21. Nde5 Rac8
$132) 21... Nc6 22. Nxc6 bxc6 23. f3 Red8 24. fxe4 fxe4 25. Nf6 gxf6 26. Bxf6+
Kg8 27. Bxd8 exd3 28. Bg5 Be2 $44) 21. Nfe5 $1 {Finally, White manages to
drive the "e4" N away and thus expose Black's pawn weaknesses.} Nc4 (21... Be8
22. b4 Nc6 (22... Nc4 23. Bxc4 dxc4 24. f3 Bxe5 (24... Bxd7 25. Nf7+ Kg8 26.
Nxd8 $16) 25. Nxe5 Nd6 26. a4 $16) 23. Nxc6 bxc6 (23... Rxd7 24. Nxa7 $18) 24.
Nc5 $16) 22. f3 $1 (22. Bxc4 dxc4 23. f3 Ng5 24. Rad1 $16) 22... Nxb2 23. Bc2
Bxe5 $2 (23... Nd2 24. Bxf5 Ndc4 25. Rab1 b6 26. Be6 $16) (23... Nf6 24. Nxf6
gxf6 25. Nd3 Nxd3 26. Bxf6+ Kg8 27. Bxd3 Bc5+ 28. Bd4 $16) 24. Nxe5 Nd6 25.
Rab1 $18 Nbc4 26. Nxc4 dxc4 27. Re7 {White's infiltration into Black's
territory is decisive - Black is facing an inevitable material loss.} Bf7 28.
Be5 Kg8 29. Rd1 (29. Bxd6 Rxd6 30. Rbxb7 $18) 29... Ne8 30. Rxb7 Rxd1+ 31. Bxd1
Kf8 32. Bc2 Bd5 (32... g6 33. Ba4 $18) 33. Rb5 Be6 34. Ra5 g6 35. Ba4 Ke7 36.
Bc6 Rd8 37. Rxa7+ Bd7 38. Kf2 Ke6 39. Rxd7 1-0

[Event "Corus-B"]
[Site "Wijk aan Zee"]
[Date "2006.01.25"]
[Round "10"]
[White "Naiditsch, Arkadij"]
[Black "Lagno, Kateryna"]
[Result "1-0"]
[WhiteElo "2657"]
[BlackElo "2500"]
[Annotator "Huzman,A"]
[PlyCount "65"]
[EventDate "2006.01.14"]
[EventType "tourn"]
[EventRounds "13"]
[EventCountry "NED"]
[EventCategory "15"]
[SourceTitle "CBM 111"]
[Source "ChessBase"]
[SourceDate "2006.04.04"]
[SourceVersion "1"]
[SourceVersionDate "2006.04.04"]
[SourceQuality "1"]

1. e4 e5 2. Nf3 Nf6 3. Nxe5 d6 4. Nf3 Nxe4 5. Nc3 Nxc3 6. dxc3 Be7 7. Be3 Nc6
8. Qd2 O-O 9. O-O-O Ne5 10. Kb1 a6 11. Be2 (11. Ne1 c5 12. h3 Be6 13. f4 Qa5
14. a3 Nc4 15. Bxc4 Bxc4 16. f5 Rfe8 17. Nd3 Bf6 18. Bf4 d5 19. g4 d4 $11 {
1-0 Korbut,E-Gaponenko,I/Biel SUI 2005/(56)}) (11. h4 Bg4 12. Be2 Qc8 13. h5
Re8 14. Rde1 Bf8 15. Rh4 Be7 16. Rhh1 Bf8 17. Rh4 Be7 {1/2-1/2 Inarkiev,
E-Motylev,A/Kazan RUS 2005/(17)}) 11... Be6 12. Nd4 Bc4 (12... Nc4 13. Qd3 Nxe3
14. Nxe6 fxe6 15. Qxe3 e5 16. Bd3 $36 {1-0 Anand,V-Kramnik,V/Monte Carlo MNC
2005/(52) The opposite coloured Bs provide White with a rather strong
initiative}) 13. f4 $1 Bxe2 14. Qxe2 Nc6 (14... Ng6 15. h4 Bf6 (15... Re8 16.
h5 Nf8 17. g4 $40) 16. h5 Ne7 17. g4 $40) 15. Nf5 g6 (15... Bf6 16. g4 g6 (
16... Qd7 17. Ng3 Rae8 18. g5 Bd8 19. h4 Qe6 20. Rhe1 $36) 17. Nh6+ Kh8 18. h4
Bg7 19. h5 $1 $40 Bxh6 $140 20. hxg6 Bg7 21. Qh2 h6 22. f5 $18) 16. Nh6+ (16.
Nxe7+ Qxe7 17. h4 Rae8 18. Rde1 {[%cal Gh4h5]} Qf6 19. h5 Re4 $132) 16... Kg7
17. f5 $1 $36 {[%mdl 4]} Bg5 18. Ng4 gxf5 (18... Re8 19. Qf2 Bxe3 20. f6+ (20.
Nxe3 $5 $16) 20... Kh8 21. Nxe3 Qd7 22. Nd5 $16) 19. Qd2 $1 (19. Rd5 $5 Bxe3
20. Nxe3 Ne5 21. Rf1 $16) 19... Bxe3 (19... f6 20. h4 fxg4 21. hxg5 $40) 20.
Nxe3 Qg5 21. h4 (21. Rdf1 $5 f4 22. Nd5 $16) 21... Qh5 22. Rdf1 Rae8 $2 (22...
Ne7 $142 23. g4 $1 fxg4 24. Nxg4 f6 25. Qg2 (25. Rhg1 Ng6 26. Qd4 Qc5 27. h5
$16) 25... Qd5 26. Qg3 Kh8 $16) 23. Rxf5 Qh6 24. Rg5+ Kh8 25. Nd5 $18 {White's
attack based on his strategic advantage, is being backed by certain material
gains as well.} Re6 26. Nxc7 Rg6 27. Rf1 Qxh4 28. Rxg6 hxg6 29. g3 $1 Qh3 30.
Qc1 Kg7 31. Rh1 Qg2 32. Qh6+ Kf6 33. Rd1 $1 {Nc7 joining the attack proves too
much for poor Black.} 1-0

[Event "RUS-chT 12th"]
[Site "Sochi"]
[Date "2005.04.28"]
[Round "10"]
[White "Geller, Jakov"]
[Black "Iljin, Artem"]
[Result "1/2-1/2"]
[WhiteElo "2496"]
[BlackElo "2484"]
[Annotator "Huzman,A"]
[PlyCount "82"]
[EventDate "2005.04.19"]
[EventType "team-tourn"]
[EventRounds "11"]
[EventCountry "RUS"]
[SourceTitle "EXT 2020"]
[Source "ChessBase"]
[SourceDate "2019.10.17"]
[SourceVersion "1"]
[SourceVersionDate "2019.10.17"]
[SourceQuality "1"]
[WhiteTeam "Togliatti Lada"]
[BlackTeam "Kazan Ladya"]
[WhiteTeamCountry "RUS"]
[BlackTeamCountry "RUS"]

1. e4 e5 2. Nf3 Nf6 3. Nxe5 d6 4. Nf3 Nxe4 5. d4 d5 6. Bd3 Be7 7. O-O Nc6 8.
Re1 Bg4 9. c3 f5 10. Nbd2 O-O 11. Qb3 Na5 12. Qc2 Bd6 13. Ne5 Bh5 (13... Bxe5
14. dxe5 Qh4 15. Rf1 (15. Nf1 Nc6 16. Bf4 Rae8 17. f3 Bxf3 18. Bg3 Nxg3 19.
hxg3 Qh5 20. gxf3 Nxe5 21. Be2 f4 $44 {0-1 Volokitin,A-Dominguez,L/Bermuda BER
2005/(47)}) 15... Nc6 16. f4 Qe7 17. Nf3 Qc5+ 18. Kh1 Rad8 19. Rb1 a5 20. a3 d4
21. cxd4 Nxd4 22. Qxc5 Nxc5 23. Bc4+ Kh8 24. Be3 Bxf3 25. gxf3 Ncb3 $13 {
1-0 Smirnov,P-Ivanchuk,V/Yerevan ARM 2004/(58)}) 14. Nf1 $146 {This logical
move is too slow.Black are able to create counterplay in time now.} (14. b4 Nc6
15. Ndf3 Re8 16. Bb2 Qf6 17. Qb3 Kh8 18. Be2 Rxe5 $1 19. dxe5 Nxe5 20. Nxe5
Bxe5 21. Bxh5 Bxh2+ 22. Kxh2 Qh4+ 23. Kg1 Qxf2+ 24. Kh2 {1/2-1/2 Leko,P-Anand,
V/Linares ESP 2005/(24)}) 14... c5 $1 15. f3 cxd4 (15... Rc8 16. fxe4 fxe4 17.
Bxe4 dxe4 18. Qxe4 cxd4 19. cxd4 Bb4 20. Bd2 Rxf1+ 21. Rxf1 Bxd2 22. Rf2 Bg5 (
22... Bb4 23. Qf5 Bg6 24. Qe6+ Kh8 25. Raf1 Qe8 26. Nxg6+ hxg6 27. Qg4 $16) 23.
Rf5 $1 h6 24. h4 g6 25. Rf7 Bxh4 26. Rd7 $18) 16. cxd4 (16. fxe4 Bxe5 17. exf5
Qc7 $17) 16... Rc8 17. Qa4 $2 {This move is a new lose of time and Black seize
the initiative.} ({The best option for White was} 17. Qb1 Bb4 18. Re3 (18. Re2
Nc4 $11) 18... Nd6 $11) (17. Qd1 Bxe5 18. dxe5 Nc6 19. Be2 Qb6+ 20. Be3 d4 21.
fxe4 dxe3 22. exf5 Nd4 $1 $17) 17... Be8 18. Qd1 Qb6 $15 19. fxe4 (19. Be3 f4
20. fxe4 fxe3 21. Nxe3 Qxd4 22. Nf3 Qxb2 23. Nxd5 Bh5 $36) 19... fxe4 ({
Black obtained clear advantage after} 19... Qxd4+ $1 20. Be3 Qxe5 21. exf5 (21.
exd5 Bb4 22. Bd2 Bc5+ 23. Kh1 Qd4 24. Be3 Qxd5 25. Bxc5 Qxc5 $17) 21... Bb4 22.
Nd2 Nc4 $36) 20. Bxe4 dxe4 21. Rxe4 Bxe5 22. Rxe5 Nc6 23. Rg5 (23. Re4 Bg6 24.
Rh4 Nb4 $1 $17) 23... Qxd4+ ({Due to development advantage the initiative of
Black would be stronger with queens on the board.} 23... Nxd4 24. Be3 Rd8 25.
Bxd4 (25. Qe1 Bg6 26. b3 Bd3 27. Ng3 Rfe8 $17) 25... Rxd4 26. Qb3+ Qxb3 27.
axb3 a6 $17) 24. Qxd4 Nxd4 25. Be3 (25. Bd2 Rc2 $17) 25... Rd8 $2 (25... Nc2 $1
26. Rd1 Rxf1+ 27. Rxf1 Nxe3 28. Re1 Nc4 29. Re7 Bg6 $17 30. h4 (30. Rxb7 $140
Nd6 $19) 30... Nd6 31. h5 Bf7 32. Rd7 Ne4 33. Ra5 a6 34. Rxb7 Nf6 35. b4 (35.
Rxa6 Ng4 $17) 35... Ng4 36. Rc5 Rd8 37. Rc1 Bxa2 $17) 26. Bxd4 Rxd4 27. Re1 $15
Bc6 28. Re7 $6 (28. Rge5 Rfd8 29. Ng3 $15) 28... Rf7 29. Rge5 $2 (29. Re1 $142
$15) 29... Rd1 $2 ({Once again Black miss the chance to get a big advantage.} 
29... Rxe7 30. Rxe7 Rd1 $1 $17 31. Re2 (31. Kf2 Rb1 32. b3 Rb2+ 33. Re2 Rxe2+
34. Kxe2 Bxg2 $19) 31... Bb5 32. Rf2 Ra1 $17) 30. Re1 Rxe7 31. Rxd1 $15 Re2 32.
Rd2 Rxd2 33. Nxd2 $11 Bd5 (33... Kf7 34. Kf2 Ke6 35. g3 Kd5 36. Ke3 $11) 34. a3
Kf7 35. Kf2 Kf6 36. g3 Kf5 37. h4 Ke5 38. Ke3 h6 39. Nb1 g5 40. hxg5 hxg5 41.
Nd2 a6 1/2-1/2